000 00858nam a2200253Ia 4500
003 OSt
005 20220923211347.0
006 a|||||r|||| 00| 0
007 ta
008 220922b |||||||| |||| 00| 0 san d
020 _a9788183902922 (pbk)
_c200
024 _a353,313
037 _b330, 27/02/2020, Eastern Book Linkers
_cTextual
040 _aARTS
_cARTS
_bsan
041 _2san
_asan
082 _aQ1:24x, 152Q9
100 _aसरकार, राजेश, ले.
245 0 _aउपनिषन्मणिमाला
246 _aUpaniṣhanmaṇimālā
260 _aदिल्ली
_b अभिषेक प्रकाशन
_c2019
300 _a87पृ0
_ccm.
942 _hQ1:24x, 152Q9
_cTEXL
_2CC
999 _c298753
_d298753